=LDR 00000nam 2200000 4500 =001 NUTBA000000000000242 =005 20140319110348.0 =006 =007 =008 =020 ##$$a 978-979-1367-97-4 =035 ##$$a 0010-031400000000241 =040 ##$$a Ind =090 ##$$a 813$bDev d =100 ##$$a Dh Devita =245 ##$$a Desau angin maastricht$cDh Devita =260 ##$$a Jakarta$bLingkar pena kreative$c2009. =300 ##$$a 239 Hlm$c18 cm. =850 ##$$a NBPNMAT =990 ##$$a 21010090 =990 ##$$a 90581/BPAP-NTB/2014 =990 ##$$a 21400613/BPAP-NTB/20142014